Genshin Impact personnages Nod Krai inclus - Statistiques

Statistiques générales
  • Ce quiz a été pris 9 335 fois
    3 301 depuis la dernière actualisation
  • Le résultat moyen est 74 sur 108
Statistiques - réponses
Réponse % Correct
Venti
95%
Jean
91%
Zhongli
88%
Furina
87%
Nahida
87%
Raiden
87%
Kaeya
86%
Mavuika
86%
Neuvillette
85%
Diluc
84%
Kaedara Kazuha
82%
Bennett
81%
Kamisato Ayaka
81%
Amber
80%
Xiao
80%
Lynette
79%
Qiqi
79%
Scaramuccia
79%
Sucrose
79%
Arlecchino
78%
Mona
78%
Tighnari
78%
Albedo
77%
Arataki Itto
77%
Lisa
77%
Kamisato Ayato
76%
Barbara
75%
Kinich
75%
Klee
74%
Lyney
74%
Navia
74%
Yae Miko
74%
Collei
73%
Flins
73%
Gorou
73%
Lauma
73%
Alhaitham
72%
Cyno
72%
Xilonen
72%
Chasca
71%
Keqing
71%
Voyageur / Voyageuse
71%
Xiangling
71%
Kaveh
70%
Mualani
70%
Tartaglia
70%
Ganyu
69%
Sangonomiya Kokomi
69%
Yumemizuki Mizuki
69%
Beidou
68%
Dehya
68%
Fischl
68%
Ningguang
68%
Noëlle
68%
Shenhe
68%
Wriothesley
68%
Xingqiu
68%
Chongyun
67%
Citlali
67%
Clorinde
67%
Hu Tao
67%
Diona
66%
Razor
66%
Skirk
66%
Xianyun
66%
Aino
65%
Eula
65%
Kujou Sara
65%
Yelan
65%
Freminet
64%
Kuki Shinobu
64%
YaoYao
64%
Faruzan
63%
Ifa
63%
Kachina
63%
Ororon
63%
Sayu
63%
Baizhu
62%
Shikanoin Heizou
62%
Thomas
61%
Ineffa
60%
Emilie
59%
Escoffier
59%
Varesa
59%
Yoimiya
59%
Nilou
58%
Candace
57%
Gaming
57%
Lan Yan
57%
Rosalia
57%
Mika
56%
Yanfei
56%
Charlotte
55%
Chiori
55%
Iansan
55%
Xinyan
55%
Yun Jin
55%
Dori
53%
Kirara
51%
Chevreuse
49%
Dahlia
49%
Layla
49%
Sigewinne
49%
Sethos
47%
Aloy
45%
Aucun quiz correspondant
Distribution des résultats
% des personnes avec chaque résultat
Percentile par nombre de réponses
Votre historique - résultats
Vous n’avez pas pris ce quiz depuis la dernière actualisation